000 00368cam a2200145ua 4500
003 OSt
008 250101b |||||||| |||| 00| 0 eng d
041 _aeng
082 _a621.3692
_bKHA/FI
100 _aKhare, R.P .
_96684
245 _aFiber optics and optoelectronics /
260 _aCalcutta :
_bOxford University Press ,
_c2007.
300 _a ; .
942 _cBK
999 _c13452
_d13452